|
|
|
|
| LEADER |
01308cas a2200265 a 4500 |
| 001 |
AALejournalIMF017484 |
| 008 |
230101c9999 xx r poo 0 0eng d |
| 020 |
|
|
|c 20.00 USD
|
| 020 |
|
|
|z 9781475583397
|
| 022 |
|
|
|a 2616-5333
|
| 040 |
|
|
|a BD-DhAAL
|c BD-DhAAL
|
| 100 |
1 |
|
|a Fox, Louise.
|
| 245 |
1 |
0 |
|a Structural Transformation in Employment and Productivity :
|b What Can Africa Hope For? /
|c Louise Fox, Alun Thomas, Cleary Haines.
|
| 264 |
|
1 |
|a Washington, D.C. :
|b International Monetary Fund,
|c 2017.
|
| 300 |
|
|
|a 1 online resource (43 pages)
|
| 490 |
1 |
|
|a Departmental Papers
|
| 500 |
|
|
|a <strong>Off-Campus Access:</strong> No User ID or Password Required
|
| 500 |
|
|
|a <strong>On-Campus Access:</strong> No User ID or Password Required
|
| 506 |
|
|
|a Electronic access restricted to authorized BRAC University faculty, staff and students
|
| 520 |
3 |
|
|a This paper provides the most complete analysis of the structural transformation among low- and low-middle-income countries in sub-Saharan Africa to date.
|
| 538 |
|
|
|a Mode of access: Internet
|
| 700 |
1 |
|
|a Haines, Cleary.
|
| 700 |
1 |
|
|a Thomas, Alun.
|
| 830 |
|
0 |
|a Departmental Papers; Departmental Paper ;
|v No. 2017/002
|
| 856 |
4 |
0 |
|z Full text available on IMF
|u http://elibrary.imf.org/view/journals/087/2017/002/087.2017.issue-002-en.xml
|z IMF e-Library
|